00691nam a2200181 a 450000100100000000500170001000800410002704000250006808200150009310000210010824500550012925000110018426000450019530000270024049000320026750001780029983000320047700001852820200929165822.0100511s1959 ag a r 000 0 spa d aDO-SdBNPbspacBNPHU axxxxbC9981 aCzerniak, Miguel10aPartidas selectas de Botvinnik /cMiguel Czerniak. a3a ed. aBuenos Aires :bSopena Argentina,c1959. a270 p. :bil ;c24 cm.1 aNueva Biblioteca de Ajedrez aEn la portada: Ciento diez magníficas partidas del famoso campeón soviético, todas ellas conducidas con la suprema lógica y el inigualado ingenio que lo caracterizan 0aNueva Biblioteca de Ajedrez